| 000 | 00580nam a2200241 a 4500 | ||
|---|---|---|---|
| 001 | nice12345678 | ||
| 003 | IN_TiNIC | ||
| 005 | 20260116015220.0 | ||
| 008 | 050524s1999 hyda grp 000 0 eng | ||
| 020 |
_a _c100 |
||
| 082 | 0 | 0 |
_a297.831 _bQAS |
| 100 | _aAl-Qasim, Miyan Abu | ||
| 245 | _aMubahisa-E-Alamgiri | ||
| 260 |
_aHyderabad _bMarkazi Anjuman-E-Mahdavia _c1999 |
||
| 300 | _a36p | ||
| 500 | _aincludes index and biblioraphy | ||
| 505 | 2 | _aIndex | |
| 650 | _aMahdavia | ||
| 700 | 1 | _aAl-Qasim, Miyan Abu | |
| 902 | _bSRS | ||
| 942 | _cBK | ||
| 999 |
_c18794 _d18794 |
||